Detalles MARC
| 000 -CABECERA |
| Campo de control de longitud fija |
01452nam a22004097a 4500 |
| 003 - IDENTIFICADOR DEL NÚMERO DE CONTROL |
| Campo de control |
OSt |
| 005 - FECHA Y HORA DE LA ÚLTIMA TRANSACCIÓN |
| Campo de control |
20150827153149.0 |
| 007 - CAMPO FIJO DE DESCRIPCIÓN FÍSICA |
| Campo de control de longitud fija |
Texto |
| 008 - CÓDIGOS DE INFORMACIÓN DE LONGITUD FIJA |
| Campo de control de longitud fija |
140220b xxu||||| |||| 00| 0 eng d |
| 020 ## - NÚMERO INTERNACIONAL NORMALIZADO PARA LIBROS (ISBN) |
| Número Internacional Normalizado para Libros (ISBN) |
9586042480 |
|
| Número Internacional Normalizado para Libros (ISBN) |
9586042537 |
| 040 ## - FUENTE DE LA CATALOGACIÓN |
| Centro catalogador de origen |
BIESPA |
| Lengua de catalogación |
spa |
| Centro transcriptor |
BIESPA |
| 041 ## - CÓDIGO DE LENGUA |
| Código de lengua del texto/banda sonora o título independiente |
spa |
| Código de lengua del libreto original |
spa |
| 100 ## - PUNTO DE ACCESO PRINCIPAL - NOMBRE DE PERSONA |
| Nombre de persona |
Garrigues, Joaquín |
| 245 ## - MENCIÓN DE TÍTULO |
| Título |
Curso de Derecho Mercantil/ |
| Mención de responsabilidad etc. |
Joaquín Garrigues, |
| 250 ## - MENCIÓN DE EDICIÓN |
| Mención de edición |
Reimpresión de la séptima edición. |
| 260 ## - PUBLICATION, DISTRIBUTION, ETC. (IMPRINT) |
| Lugar de publicación distribución etc. |
Bogotá, Colombia: |
| Nombre del editor distribuidor etc. |
Temis, |
| Fecha de publicación distribución etc. |
1987, |
| 300 ## - DESCRIPCIÓN FÍSICA |
| Extensión |
457 páginas, tomo 5, |
| Dimensiones |
23 cm., |
| 500 ## - NOTA GENERAL |
| Nota general |
Escrito en el idioma español. |
| 650 ## - PUNTO DE ACCESO ADICIONAL DE MATERIA - TÉRMINO DE MATERIA |
| Fuente del encabezamiento o término |
Tesauros |
| Término de materia o nombre geográfico como elemento inicial |
Derecho Mecantil |
|
| Fuente del encabezamiento o término |
Tesauros |
| Término de materia o nombre geográfico como elemento inicial |
Derecho de Quiebras |
| Subdivisión de materia general |
Suspensiones de Pagos |
|
| Fuente del encabezamiento o término |
Tesauros |
| Término de materia o nombre geográfico como elemento inicial |
Derecho Español |
|
| Fuente del encabezamiento o término |
Tesauros |
| Término de materia o nombre geográfico como elemento inicial |
Derecho Romano |
|
| Fuente del encabezamiento o término |
Tesauros |
| Término de materia o nombre geográfico como elemento inicial |
Quiebra |
| Subdivisión de materia general |
Clases |
|
| Fuente del encabezamiento o término |
Tesauros |
| Término de materia o nombre geográfico como elemento inicial |
Comerciante Marítimo |
|
| Fuente del encabezamiento o término |
Tesauros |
| Término de materia o nombre geográfico como elemento inicial |
Sociedades Mercantiles |
|
| Fuente del encabezamiento o término |
Tesauros |
| Término de materia o nombre geográfico como elemento inicial |
Buques |
| Subdivisión de materia general |
Sociedades de Clasificación |
|
| Fuente del encabezamiento o término |
Tesauros |
| Término de materia o nombre geográfico como elemento inicial |
Derecho de Propiedad |
|
| Fuente del encabezamiento o término |
Tesauros |
| Término de materia o nombre geográfico como elemento inicial |
Derecho Marítimo |
|
| Fuente del encabezamiento o término |
Tesauros |
| Término de materia o nombre geográfico como elemento inicial |
Compraventa de Buques |
|
| Fuente del encabezamiento o término |
Tesauros |
| Término de materia o nombre geográfico como elemento inicial |
Contrato de Fletamento |
|
| Fuente del encabezamiento o término |
Tesauros |
| Término de materia o nombre geográfico como elemento inicial |
Seguro Marítimo |
|
| Fuente del encabezamiento o término |
Tesauros |
| Término de materia o nombre geográfico como elemento inicial |
Comercio Marítimo |
| Subdivisión de materia general |
Daños |
|
| Fuente del encabezamiento o término |
Tesauros |
| Término de materia o nombre geográfico como elemento inicial |
Agentes del Naviero |
| 856 ## - LOCALIZACIÓN Y ACCESO ELECTRÓNICOS |
| Identificador Uniforme del Recurso (URI) |
<a href="http://biespaext.procuraduria-admon.gob.pa/files/original/b58e6ffab76c463cb0e19075597d46b1.pdf">http://biespaext.procuraduria-admon.gob.pa/files/original/b58e6ffab76c463cb0e19075597d46b1.pdf</a> |
| Texto del enlace |
Indice |
| 942 ## - ENTRADA PARA ELEMENTOS AGREGADOS (KOHA) |
| Fuente de clasificación o esquema de ordenación en estanterías |
Dewey Decimal Classification |
| Koha [por defecto] tipo de item |
Books |